| 000 | 00000nas##2200000za#4500 |
| 001 | 9.509385 |
| 003 | CaOODSP |
| 005 | 20200325103557 |
| 007 | ta |
| 008 | 150406c1997||||xxc|| m #||||f| |0fre|d |
| 040 | |aCaOODSP|bfre |
| 041 | |aeng |
| 041 | |afre |
| 043 | |an-cn--- |
| 086 | 1 |aH12-30 |
| 110 | 1 |aCanada.|bSanté Canada. |bDirection générale de la protection de la santé. |
| 245 | 10|aAlerte: matériels médicaux / |cPublié par la Direction des médicaments et des matériels médicaux. |
| 260 | |aOttawa - Ontario : |bSanté Canada. |
| 310 | |aIrrégulier |
| 500 | |a«A: Tous les médecins et chirurgiens canadiens.»--Page 1. |
| 520 | 3 |aA: Tous les médecins et chirurgiens canadiens.--Page 1 |
| 546 | |aBilingue |
| 563 | |aDépliant |
| 776 | 0#|tAlert - medical devices / |w(CaOODSP)9.500603 |
| 791 | |tAlert: medical devices / |eeng|w(CaOODSP)9.509384 |